[Event "DVM U16 2022"]
[Site "Darmstadt GER"]
[Date "2022.12.27"]
[Round "1"]
[White "Huang, Luca Hanson"]
[Black "Liestmann, Marius"]
[Result "0-1"]
[Termination "normal"]
[Board "9.4"]
[WhiteElo "1538"]
[BlackElo "1292"]
[WhiteClock "00:24:50"]
[BlackClock "01:06:55"]
[WhiteTeam "SK Frankenthal"]
[BlackTeam "KSV Rochade Göttingen (Veltheim)"]
[PlyCount "96"]
[WhiteFideId "16279182"]
[BlackFideId "34640169"]
[EventCountry "GER"]
[EventRounds "7"]
[EventType "team-swiss"]
[EventDate "2022.12.26"]

1. e4 {[%clk 1:30:55]} e6 2. d4 {[%clk 1:30:51]} d5 {[%clk 1:31:20]} 3. e5
{[%clk 1:30:59]} c5 {[%clk 1:31:38]} 4. c3 {[%clk 1:30:47]} Nc6 {[%clk
1:31:55]} 5. Nf3 {[%clk 1:30:47]} Qa5 6. Nbd2 {[%clk 1:19:35]} cxd4 {[%clk
1:30:53]} 7. Nb3 {[%clk 1:17:16]} Qb6 {[%clk 1:30:35]} 8. cxd4 {[%clk 1:16:39]}
Bb4 {[%clk 1:30:20]} 9. Bd2 {[%clk 1:14:56]} Bxd2 {[%clk 1:30:36]} 10. Qxd2
{[%clk 1:13:54]} Bd7 {[%clk 1:29:29]} 11. Bd3 {[%clk 1:10:28]} Qb4 {[%clk
1:28:57]} 12. Nc5 {[%clk 1:05:57]} Nge7 {[%clk 1:25:18]} 13. O-O {[%clk
1:02:38]} Qxd2 {[%clk 1:22:43]} 14. Nxd2 {[%clk 1:02:29]} Nxd4 {[%clk 1:19:49]}
15. Nxb7 {[%clk 1:02:30]} O-O {[%clk 1:19:24]} 16. b3 {[%clk 0:53:59]} Rab8
{[%clk 1:17:16]} 17. Nd6 {[%clk 0:52:36]} Nc8 {[%clk 1:16:57]} 18. Nxc8 {[%clk
0:51:59]} Rbxc8 {[%clk 1:16:38]} 19. Rfd1 {[%clk 0:49:51]} Nc2 {[%clk 1:15:50]}
20. Rac1 {[%clk 0:47:36]} Nb4 {[%clk 1:15:52]} 21. Bb1 {[%clk 0:46:38]} Bb5
{[%clk 1:10:05]} 22. a3 {[%clk 0:34:53]} Nc6 {[%clk 1:10:09]} 23. f4 {[%clk
0:26:15]} Nd4 {[%clk 1:06:46]} 24. Kf2 {[%clk 0:20:19]} Ne2 {[%clk 1:00:58]}
25. Rxc8 {[%clk 0:15:19]} Rxc8 {[%clk 1:01:18]} 26. g3 {[%clk 0:13:05]} Rc3
{[%clk 0:59:52]} 27. Re1 {[%clk 0:12:13]} Nd4 {[%clk 0:59:15]} 28. Re3 {[%clk
0:12:28]} Rc8 {[%clk 0:52:18]} 29. Bd3 {[%clk 0:10:42]} Kf8 {[%clk 0:38:45]}
30. a4 {[%clk 0:08:19]} Bd7 {[%clk 0:37:48]} 31. Nf3 {[%clk 0:08:24]} Nxb3
{[%clk 0:37:24]} 32. Bxh7 {[%clk 0:08:02]} Bxa4 {[%clk 0:37:30]} 33. Bb1 {[%clk
0:06:00]} Rc1 {[%clk 0:37:09]} 34. Bd3 {[%clk 0:04:48]} Rc3 {[%clk 0:36:16]}
35. Ng5 {[%clk 0:03:08]} d4 {[%clk 0:36:15]} 36. Rf3 {[%clk 0:02:15]} Nd2
{[%clk 0:36:34]} 37. Nh7 {[%clk 0:02:34]} Ke7 38. Be2 {[%clk 0:02:33]} Nxf3
{[%clk 0:36:50]} 39. Bxf3 {[%clk 0:02:58]} f6 {[%clk 0:37:09]} 40. exf6 {[%clk
0:03:06]} gxf6 {[%clk 0:37:37]} 41. h4 {[%clk 0:25:20]} Bc2 {[%clk 1:07:21]}
42. Ng5 {[%clk 0:25:00]} fxg5 {[%clk 1:07:42]} 43. fxg5 {[%clk 0:25:22]} Bg6
{[%clk 1:07:49]} 44. g4 {[%clk 0:25:32]} a5 {[%clk 1:06:23]} 45. Bd1 {[%clk
0:24:38]} Rd3 {[%clk 1:06:02]} 46. Ke2 {[%clk 0:24:10]} Rxd1 {[%clk 1:06:16]}
47. Kxd1 {[%clk 0:24:28]} a4 {[%clk 1:06:42]} 48. h5 {[%clk 0:24:50]} Kf7
{[%clk 1:06:55]} 0-1

[Event "DVM U16 2022"]
[Site "Darmstadt GER"]
[Date "2022.12.27"]
[Round "1"]
[White "Buchinger, Alexis"]
[Black "Lichtinger, Simon"]
[Result "1/2-1/2"]
[Termination "normal"]
[Board "10.1"]
[WhiteElo "1909"]
[BlackElo "1517"]
[WhiteClock "00:18:36"]
[BlackClock "00:51:37"]
[WhiteTeam "SF Neuberg"]
[BlackTeam "FC Ergolding 1932 e.V."]
[PlyCount "92"]
[WhiteFideId "16287134"]
[BlackFideId "16230442"]
[EventCountry "GER"]
[EventRounds "7"]
[EventType "team-swiss"]
[EventDate "2022.12.26"]

1. e4 {[%clk 1:30:57]} Nf6 {[%clk 1:30:53]} 2. e5 {[%clk 1:31:13]} Nd5 {[%clk
1:31:18]} 3. d4 {[%clk 1:31:30]} d6 {[%clk 1:31:43]} 4. c4 {[%clk 1:30:34]} Nb6
{[%clk 1:32:07]} 5. Nf3 {[%clk 1:30:36]} Bg4 {[%clk 1:32:05]} 6. exd6 {[%clk
1:29:28]} cxd6 {[%clk 1:32:23]} 7. h3 {[%clk 1:29:38]} Bxf3 {[%clk 1:32:10]} 8.
Qxf3 {[%clk 1:29:59]} Nc6 {[%clk 1:32:07]} 9. Be3 {[%clk 1:29:05]} g6 {[%clk
1:31:22]} 10. Nc3 {[%clk 1:25:44]} Bg7 {[%clk 1:28:03]} 11. Rd1 {[%clk
1:24:55]} Qd7 {[%clk 1:23:55]} 12. Be2 {[%clk 1:22:59]} Rd8 {[%clk 1:22:55]}
13. O-O {[%clk 1:21:30]} O-O {[%clk 1:22:21]} 14. Qg3 {[%clk 1:20:19]} d5
{[%clk 1:20:15]} 15. cxd5 {[%clk 1:11:32]} Nxd5 {[%clk 1:19:43]} 16. Bf3 {[%clk
1:06:50]} e6 {[%clk 1:11:11]} 17. Nxd5 {[%clk 1:04:59]} exd5 {[%clk 1:11:28]}
18. Qh4 {[%clk 1:03:22]} Ne7 {[%clk 0:52:56]} 19. Qf4 {[%clk 1:01:11]} Qd6
{[%clk 0:47:24]} 20. Rc1 {[%clk 0:57:12]} Qxf4 {[%clk 0:39:05]} 21. Bxf4 {[%clk
0:57:38]} Nc6 {[%clk 0:39:28]} 22. Be3 {[%clk 0:51:39]} Bxd4 {[%clk 0:37:33]}
23. Rxc6 {[%clk 0:47:36]} Bxe3 {[%clk 0:36:35]} 24. Rc7 {[%clk 0:47:55]} Bb6
{[%clk 0:36:42]} 25. Rxb7 {[%clk 0:46:45]} Rfe8 {[%clk 0:34:47]} 26. Rd1 {[%clk
0:38:35]} d4 {[%clk 0:34:33]} 27. Rd3 {[%clk 0:38:49]} Re1 {[%clk 0:33:52]} 28.
Kh2 {[%clk 0:39:18]} Ra1 {[%clk 0:30:30]} 29. a3 {[%clk 0:35:11]} Rb1 {[%clk
0:30:49]} 30. Rd2 {[%clk 0:33:13]} Ba5 {[%clk 0:24:58]} 31. b4 {[%clk 0:29:57]}
Bb6 {[%clk 0:25:02]} 32. Re2 {[%clk 0:16:42]} d3 {[%clk 0:21:20]} 33. Ree7
{[%clk 0:15:55]} d2 {[%clk 0:21:27]} 34. Rxf7 {[%clk 0:15:50]} d1=Q {[%clk
0:21:17]} 35. Rg7 {[%clk 0:15:39]} Kh8 {[%clk 0:21:25]} 36. Rxh7 {[%clk
0:15:55]} Kg8 {[%clk 0:21:40]} 37. Rhg7 {[%clk 0:14:57]} Kh8 {[%clk 0:22:01]}
38. Rh7 {[%clk 0:15:26]} Kg8 {[%clk 0:22:28]} 39. Rbg7 {[%clk 0:14:10]} Kf8
{[%clk 0:22:45]} 40. Rf7 {[%clk 0:14:15]} Kg8 {[%clk 0:22:47]} 41. Bxd1 {[%clk
0:14:35]} Rbxd1 {[%clk 0:22:48]} 42. a4 {[%clk 0:10:05]} Rf1 {[%clk 0:20:25]}
43. Rfg7 {[%clk 0:22:22]} Kf8 {[%clk 0:50:37]} 44. Rf7 {[%clk 0:20:08]} Kg8
{[%clk 0:51:00]} 45. Rhg7 {[%clk 0:18:40]} Kh8 {[%clk 0:51:13]} 46. Rh7 {[%clk
0:18:36]} Kg8 {[%clk 0:51:37]} 1/2-1/2

[Event "DVM U16 2022"]
[Site "Darmstadt GER"]
[Date "2022.12.27"]
[Round "1"]
[White "Klein, Maxim"]
[Black "Eull, Emil"]
[Result "0-1"]
[Termination "normal"]
[Board "10.2"]
[WhiteElo "1345"]
[BlackElo "1969"]
[WhiteClock "00:00:42"]
[BlackClock "00:23:44"]
[WhiteTeam "FC Ergolding 1932 e.V."]
[BlackTeam "SF Neuberg"]
[PlyCount "78"]
[WhiteFideId "16281632"]
[BlackFideId "16253809"]
[EventCountry "GER"]
[EventRounds "7"]
[EventType "team-swiss"]
[EventDate "2022.12.26"]

1. d4 {[%clk 1:30:54]} d5 {[%clk 1:30:46]} 2. Nc3 {[%clk 1:31:20]} Nf6 {[%clk
1:31:05]} 3. Bf4 {[%clk 1:31:42]} c5 {[%clk 1:31:30]} 4. e3 {[%clk 1:31:51]}
cxd4 {[%clk 1:31:52]} 5. exd4 {[%clk 1:32:07]} a6 {[%clk 1:32:13]} 6. Nf3
{[%clk 1:28:07]} Nc6 {[%clk 1:32:31]} 7. Qd2 {[%clk 1:26:39]} e6 {[%clk
1:30:14]} 8. a3 {[%clk 1:20:30]} Be7 {[%clk 1:30:12]} 9. Bd3 {[%clk 1:18:36]}
Bd7 {[%clk 1:30:10]} 10. O-O {[%clk 1:10:47]} O-O {[%clk 1:29:42]} 11. Rfe1
{[%clk 1:10:47]} b5 {[%clk 1:29:42]} 12. b4 {[%clk 1:10:47]} Qb6 {[%clk
1:29:42]} 13. Na2 {[%clk 1:10:47]} a5 {[%clk 1:29:42]} 14. c3 {[%clk 1:10:47]}
axb4 {[%clk 1:29:42]} 15. axb4 {[%clk 1:10:47]} Ra3 {[%clk 1:29:42]} 16. Rab1
{[%clk 1:10:47]} Rfa8 {[%clk 1:29:42]} 17. Nc1 {[%clk 1:10:47]} Nd8 {[%clk
1:29:42]} 18. Ng5 {[%clk 1:10:47]} Nb7 {[%clk 1:29:42]} 19. Rb3 {[%clk
1:10:47]} Nd6 {[%clk 1:29:42]} 20. Qb2 {[%clk 1:10:47]} Ra1 {[%clk 1:29:42]}
21. Bxd6 {[%clk 1:10:47]} Bxd6 {[%clk 1:29:42]} 22. Nf3 {[%clk 1:10:47]} Qc7
{[%clk 1:29:42]} 23. g3 {[%clk 1:10:47]} R8a6 {[%clk 1:29:42]} 24. Bb1 {[%clk
1:10:47]} R1a4 {[%clk 1:29:42]} 25. Nd3 {[%clk 1:10:47]} Ra8 {[%clk 0:52:38]}
26. Nc5 {[%clk 0:02:46]} R4a7 {[%clk 0:52:38]} 27. Nxd7 {[%clk 0:02:46]} Qxd7
{[%clk 0:52:38]} 28. Ne5 {[%clk 0:02:46]} Bxe5 {[%clk 0:52:38]} 29. dxe5 {[%clk
0:02:46]} Ne8 {[%clk 0:52:38]} 30. Qc2 {[%clk 0:02:46]} g6 {[%clk 0:52:38]} 31.
Qe2 {[%clk 0:02:36]} Qc6 {[%clk 0:40:03]} 32. Rc1 {[%clk 0:01:02]} Ra1 {[%clk
0:39:10]} 33. Qd2 {[%clk 0:01:02]} Qc4 {[%clk 0:35:12]} 34. Rb2 {[%clk
0:01:04]} R8a3 {[%clk 0:33:19]} 35. Rbc2 {[%clk 0:00:54]} Nc7 {[%clk 0:28:29]}
36. Qe2 {[%clk 0:01:14]} Rxc3 {[%clk 0:23:08]} 37. Qxc4 {[%clk 0:00:45]} Rxc4
{[%clk 0:23:26]} 38. Rxc4 {[%clk 0:00:49]} dxc4 {[%clk 0:23:37]} 39. Rf1 {[%clk
0:00:42]} Nd5 {[%clk 0:23:44]} 0-1

[Event "DVM U16 2022"]
[Site "Darmstadt GER"]
[Date "2022.12.27"]
[Round "1"]
[White "Paringer, Jakob"]
[Black "Pomrehn, Ole Magnus"]
[Result "1/2-1/2"]
[Termination "normal"]
[Board "10.4"]
[WhiteElo "1298"]
[BlackElo "1525"]
[WhiteClock "00:07:43"]
[BlackClock "00:01:30"]
[WhiteTeam "FC Ergolding 1932 e.V."]
[BlackTeam "SF Neuberg"]
[PlyCount "47"]
[WhiteFideId "34605134"]
[BlackFideId "16232704"]
[EventCountry "GER"]
[EventRounds "7"]
[EventType "team-swiss"]
[EventDate "2022.12.26"]

1. e4 {[%clk 1:30:58]} c6 {[%clk 1:30:50]} 2. Nc3 {[%clk 1:30:53]} d5 {[%clk
1:31:08]} 3. exd5 {[%clk 1:30:43]} cxd5 {[%clk 1:31:26]} 4. Nf3 {[%clk
1:30:40]} Nf6 {[%clk 1:26:45]} 5. d4 {[%clk 1:26:28]} Bg4 {[%clk 1:24:26]} 6.
h3 {[%clk 1:24:56]} Bxf3 {[%clk 1:20:51]} 7. Qxf3 {[%clk 1:25:09]} Nc6 {[%clk
1:17:57]} 8. Bb5 {[%clk 1:20:30]} e6 {[%clk 1:13:51]} 9. Bf4 {[%clk 1:17:41]}
Bd6 {[%clk 1:11:48]} 10. O-O {[%clk 1:15:33]} Rc8 {[%clk 1:08:32]} 11. Ne2
{[%clk 1:07:42]} O-O {[%clk 1:05:16]} 12. Rfe1 {[%clk 1:01:24]} Bxf4 {[%clk
0:57:13]} 13. Qxf4 {[%clk 0:53:23]} Qb6 {[%clk 0:31:16]} 14. Bxc6 {[%clk
0:48:16]} Rxc6 {[%clk 0:31:26]} 15. Qc1 {[%clk 0:44:16]} Rfc8 {[%clk 0:29:36]}
16. c3 {[%clk 0:39:09]} a6 {[%clk 0:21:48]} 17. Rb1 {[%clk 0:30:56]} Qa5 {[%clk
0:18:39]} 18. a3 {[%clk 0:29:20]} b5 {[%clk 0:17:57]} 19. Nf4 {[%clk 0:25:32]}
Qb6 {[%clk 0:13:58]} 20. Qe3 {[%clk 0:22:50]} a5 {[%clk 0:07:40]} 21. Nd3
{[%clk 0:20:47]} Nd7 {[%clk 0:07:14]} 22. Rec1 {[%clk 0:18:36]} Qc7 {[%clk
0:02:20]} 23. Qd2 {[%clk 0:08:03]} Qb6 {[%clk 0:01:30]} 24. Qe3 {[%clk
0:07:43]} 1/2-1/2

[Event "DVM U16 2022"]
[Site "Darmstadt GER"]
[Date "2022.12.29"]
[Round "6"]
[White "Herter, Arne"]
[Black "Ermitsch, Magnus"]
[Result "0-1"]
[Termination "normal"]
[Board "1.1"]
[BlackTitle "FM"]
[WhiteElo "1973"]
[BlackElo "2215"]
[WhiteClock "00:06:46"]
[BlackClock "00:11:08"]
[WhiteTeam "Schachzwerge Magdeburg"]
[BlackTeam "SC Borussia Lichtenberg"]
[PlyCount "86"]
[WhiteFideId "16255372"]
[BlackFideId "16234464"]
[EventCountry "GER"]
[EventRounds "7"]
[EventType "team-swiss"]
[EventDate "2022.12.26"]

1. e4 {[%clk 1:30:59]} c5 {[%clk 1:30:55]} 2. Nf3 {[%clk 1:31:24]} e6 {[%clk
1:31:21]} 3. d4 {[%clk 1:31:49]} cxd4 {[%clk 1:31:49]} 4. Nxd4 {[%clk 1:32:11]}
Nc6 {[%clk 1:32:18]} 5. Nc3 {[%clk 1:32:32]} Qc7 {[%clk 1:32:46]} 6. Ncb5
{[%clk 1:32:54]} Qb8 {[%clk 1:31:03]} 7. Bd3 {[%clk 1:33:14]} Nf6 {[%clk
1:30:02]} 8. O-O {[%clk 1:33:29]} Be7 {[%clk 1:26:30]} 9. Re1 {[%clk 1:25:45]}
O-O {[%clk 1:09:41]} 10. Kh1 {[%clk 1:10:52]} a6 {[%clk 1:06:37]} 11. Nxc6
{[%clk 1:10:30]} dxc6 {[%clk 1:06:43]} 12. Nc3 {[%clk 1:10:25]} e5 {[%clk
1:06:41]} 13. h3 {[%clk 0:59:07]} Be6 {[%clk 1:03:56]} 14. f4 {[%clk 0:55:35]}
exf4 {[%clk 0:58:54]} 15. e5 {[%clk 0:55:35]} Nd5 {[%clk 0:51:35]} 16. Nxd5
{[%clk 0:50:48]} Bxd5 {[%clk 0:51:03]} 17. c4 {[%clk 0:49:46]} Be6 {[%clk
0:51:08]} 18. Bxf4 {[%clk 0:48:59]} Rd8 {[%clk 0:49:50]} 19. Qf3 {[%clk
0:42:47]} Rd7 {[%clk 0:46:08]} 20. Bf5 {[%clk 0:38:48]} Bxf5 {[%clk 0:37:51]}
21. e6 {[%clk 0:38:57]} Rd3 {[%clk 0:36:35]} 22. exf7 {[%clk 0:33:22]} Kf8
{[%clk 0:34:26]} 23. Rxe7 {[%clk 0:26:24]} Rxf3 {[%clk 0:34:10]} 24. Bxb8
{[%clk 0:26:42]} Kxe7 {[%clk 0:34:06]} 25. f8=Q {[%clk 0:26:57]} Kxf8 {[%clk
0:34:28]} 26. Bd6 {[%clk 0:27:23]} Kf7 {[%clk 0:33:06]} 27. gxf3 {[%clk
0:27:48]} Bxh3 {[%clk 0:31:31]} 28. Re1 {[%clk 0:25:18]} Be6 {[%clk 0:30:58]}
29. c5 {[%clk 0:25:19]} Re8 {[%clk 0:29:04]} 30. Kg2 {[%clk 0:16:00]} Bxa2
{[%clk 0:25:19]} 31. Rxe8 {[%clk 0:13:53]} Kxe8 {[%clk 0:25:47]} 32. b4 {[%clk
0:14:09]} Kd7 {[%clk 0:23:56]} 33. f4 {[%clk 0:13:43]} g6 {[%clk 0:15:47]} 34.
Kg3 {[%clk 0:13:04]} Ke6 {[%clk 0:14:01]} 35. Bc7 {[%clk 0:12:09]} Bb1 {[%clk
0:14:00]} 36. Bb6 {[%clk 0:10:51]} Kd5 {[%clk 0:14:15]} 37. Bc7 {[%clk
0:10:52]} Kc4 {[%clk 0:13:46]} 38. Ba5 {[%clk 0:10:50]} h5 {[%clk 0:13:56]} 39.
Kf3 {[%clk 0:10:09]} Bf5 {[%clk 0:14:10]} 40. Ke3 {[%clk 0:08:38]} Kb5 {[%clk
0:11:47]} 41. Kf3 {[%clk 0:08:46]} Bc8 {[%clk 0:11:16]} 42. Kg3 {[%clk
0:08:28]} b6 {[%clk 0:10:48]} 43. Bxb6 {[%clk 0:06:46]} Kxb4 {[%clk 0:11:08]}
0-1

[Event "DVM U16 2022"]
[Site "Darmstadt GER"]
[Date "2022.12.29"]
[Round "6"]
[White "Klühs, Gustaf"]
[Black "Udelnov, Valentin"]
[Result "1-0"]
[Termination "normal"]
[Board "1.2"]
[WhiteElo "1858"]
[BlackElo "1953"]
[WhiteClock "01:13:32"]
[BlackClock "00:29:59"]
[WhiteTeam "SC Borussia Lichtenberg"]
[BlackTeam "Schachzwerge Magdeburg"]
[PlyCount "107"]
[WhiteFideId "16228936"]
[BlackFideId "16265734"]
[EventCountry "GER"]
[EventRounds "7"]
[EventType "team-swiss"]
[EventDate "2022.12.26"]

1. Nf3 {[%clk 1:30:59]} Nf6 {[%clk 1:30:35]} 2. g3 {[%clk 1:31:26]} g6 {[%clk
1:28:41]} 3. Bg2 {[%clk 1:31:53]} Bg7 {[%clk 1:29:06]} 4. O-O {[%clk 1:32:12]}
c5 {[%clk 1:28:55]} 5. c4 {[%clk 1:32:32]} Nc6 {[%clk 1:28:54]} 6. Nc3 {[%clk
1:32:58]} O-O {[%clk 1:27:05]} 7. d4 {[%clk 1:29:32]} cxd4 {[%clk 1:27:24]} 8.
Nxd4 {[%clk 1:29:58]} Qa5 {[%clk 1:27:38]} 9. Nc2 {[%clk 1:27:42]} d6 {[%clk
1:25:09]} 10. Ne3 {[%clk 1:20:12]} Bd7 {[%clk 0:51:32]} 11. Bd2 {[%clk
1:16:53]} Rfc8 {[%clk 0:51:17]} 12. Rc1 {[%clk 1:15:22]} a6 {[%clk 0:50:00]}
13. b3 {[%clk 1:10:46]} Rab8 {[%clk 0:49:59]} 14. a4 {[%clk 1:10:05]} Qd8
{[%clk 0:49:51]} 15. Ncd5 {[%clk 1:05:37]} b5 {[%clk 0:48:43]} 16. cxb5 {[%clk
1:04:57]} axb5 {[%clk 0:48:54]} 17. a5 {[%clk 1:05:09]} Nxd5 {[%clk 0:42:15]}
18. Nxd5 {[%clk 1:05:35]} Nxa5 {[%clk 0:40:09]} 19. Rxc8 {[%clk 1:05:29]} Bxc8
{[%clk 0:39:56]} 20. Bxa5 {[%clk 1:05:51]} Qxa5 {[%clk 0:40:12]} 21. Nxe7
{[%clk 1:06:12]} Kh8 {[%clk 0:38:35]} 22. Nc6 {[%clk 1:06:24]} Qc7 {[%clk
0:38:18]} 23. Nxb8 {[%clk 1:06:50]} Qxb8 {[%clk 0:38:43]} 24. Qd3 {[%clk
1:06:32]} Be6 {[%clk 0:38:34]} 25. Bd5 Bf5 {[%clk 0:38:14]} 26. Be4 {[%clk
1:06:40]} Be6 {[%clk 0:38:39]} 27. Rd1 {[%clk 1:06:57]} h6 {[%clk 0:38:02]} 28.
Qxd6 {[%clk 1:06:30]} Qxd6 {[%clk 0:38:10]} 29. Rxd6 {[%clk 1:06:56]} Bxb3
{[%clk 0:38:03]} 30. Rb6 {[%clk 1:07:20]} Bc4 {[%clk 0:37:53]} 31. Bd3 {[%clk
1:06:21]} Kh7 {[%clk 0:37:04]} 32. Rb7 {[%clk 1:06:33]} Kg8 {[%clk 0:37:27]}
33. Rc7 {[%clk 1:05:42]} Bxd3 {[%clk 0:35:48]} 34. exd3 {[%clk 1:06:09]} b4
{[%clk 0:36:12]} 35. Rb7 {[%clk 1:06:36]} Bc3 {[%clk 0:35:25]} 36. Kf1 {[%clk
1:06:58]} Kg7 {[%clk 0:35:52]} 37. Rb6 {[%clk 1:07:13]} f6 {[%clk 0:35:37]} 38.
Rb7 {[%clk 1:07:20]} Kf8 {[%clk 0:35:33]} 39. Ke2 {[%clk 1:07:46]} Ke8 {[%clk
0:35:08]} 40. Kd1 {[%clk 1:08:09]} Kf8 {[%clk 0:35:25]} 41. Kc2 {[%clk
1:08:35]} h5 {[%clk 0:35:21]} 42. f3 {[%clk 1:08:29]} Kg8 {[%clk 0:35:09]} 43.
h3 {[%clk 1:08:53]} f5 {[%clk 0:33:51]} 44. g4 {[%clk 1:09:17]} hxg4 {[%clk
0:34:05]} 45. hxg4 {[%clk 1:09:43]} fxg4 {[%clk 0:34:28]} 46. fxg4 {[%clk
1:10:09]} Kf8 {[%clk 0:29:35]} 47. Kb3 {[%clk 1:10:36]} Ke8 {[%clk 0:29:59]}
48. Rxb4 {[%clk 1:10:55]} Bxb4 {[%clk 0:29:28]} 49. Kxb4 {[%clk 1:11:22]} Ke7
{[%clk 0:29:43]} 50. Kc5 {[%clk 1:11:49]} Ke6 {[%clk 0:29:30]} 51. d4 {[%clk
1:12:16]} Ke7 {[%clk 0:29:31]} 52. Kc6 {[%clk 1:12:40]} Ke8 {[%clk 0:29:45]}
53. Kc7 {[%clk 1:13:05]} Ke7 {[%clk 0:29:59]} 54. d5 {[%clk 1:13:32]} 1-0

[Event "DVM U16 2022"]
[Site "Darmstadt GER"]
[Date "2022.12.29"]
[Round "6"]
[White "Pohle, Saskia"]
[Black "Zielke, Ansgar"]
[Result "1-0"]
[Termination "normal"]
[Board "1.3"]
[WhiteElo "1678"]
[BlackElo "1549"]
[WhiteClock "00:05:53"]
[BlackClock "00:02:19"]
[WhiteTeam "Schachzwerge Magdeburg"]
[BlackTeam "SC Borussia Lichtenberg"]
[PlyCount "75"]
[WhiteFideId "16201604"]
[BlackFideId "16244800"]
[EventCountry "GER"]
[EventRounds "7"]
[EventType "team-swiss"]
[EventDate "2022.12.26"]

1. e4 {[%clk 1:30:58]} c5 {[%clk 1:30:53]} 2. Nf3 {[%clk 1:31:23]} e6 {[%clk
1:31:15]} 3. d4 {[%clk 1:31:48]} cxd4 {[%clk 1:31:38]} 4. Nxd4 {[%clk 1:32:13]}
Nc6 {[%clk 1:32:02]} 5. Nc3 {[%clk 1:32:36]} Qc7 {[%clk 1:32:23]} 6. Ncb5
{[%clk 1:31:48]} Qb8 {[%clk 1:31:13]} 7. Bd3 {[%clk 1:32:05]} a6 {[%clk
1:30:42]} 8. Nxc6 {[%clk 1:32:26]} bxc6 {[%clk 1:31:04]} 9. Nd4 {[%clk
1:32:39]} Nf6 {[%clk 1:30:24]} 10. O-O {[%clk 1:32:57]} Bb7 {[%clk 1:27:34]}
11. Re1 {[%clk 1:30:55]} Be7 {[%clk 1:23:37]} 12. e5 {[%clk 1:29:32]} Nd5
{[%clk 1:22:25]} 13. Qg4 {[%clk 1:25:46]} g6 {[%clk 1:20:25]} 14. Bh6 {[%clk
1:17:07]} Bf8 {[%clk 1:13:52]} 15. Bxf8 {[%clk 1:12:19]} Kxf8 {[%clk 1:12:05]}
16. c4 {[%clk 1:06:18]} Nb4 {[%clk 1:02:41]} 17. Be4 {[%clk 1:04:26]} c5 {[%clk
0:41:29]} 18. Nb3 {[%clk 1:01:44]} Bxe4 {[%clk 0:34:17]} 19. Qxe4 {[%clk
1:01:46]} Kg7 {[%clk 0:32:22]} 20. Nxc5 {[%clk 0:53:35]} Qc7 {[%clk 0:30:35]}
21. Nb3 {[%clk 0:46:36]} Rhc8 {[%clk 0:29:17]} 22. a3 {[%clk 0:44:59]} Nc6
{[%clk 0:28:41]} 23. Qf4 {[%clk 0:44:09]} Rab8 {[%clk 0:27:36]} 24. Nc5 {[%clk
0:27:15]} Rxb2 {[%clk 0:24:18]} 25. Qf6 {[%clk 0:24:29]} Kg8 {[%clk 0:24:27]}
26. Rad1 {[%clk 0:23:06]} Rd8 {[%clk 0:17:15]} 27. Re3 {[%clk 0:19:58]} d6
{[%clk 0:13:13]} 28. exd6 {[%clk 0:16:05]} Qxd6 {[%clk 0:11:50]} 29. Rde1
{[%clk 0:16:17]} Qxc5 {[%clk 0:04:44]} 30. Qxb2 {[%clk 0:16:25]} Qxc4 {[%clk
0:04:58]} 31. h3 {[%clk 0:16:04]} Rb8 {[%clk 0:04:56]} 32. Qf6 {[%clk 0:13:35]}
Qd4 {[%clk 0:04:18]} 33. Qf3 {[%clk 0:10:50]} Ne7 {[%clk 0:04:35]} 34. Rd3
{[%clk 0:10:11]} Qc5 {[%clk 0:04:32]} 35. Rd7 {[%clk 0:08:32]} Qa5 {[%clk
0:03:44]} 36. Red1 {[%clk 0:07:39]} Nf5 {[%clk 0:02:19]} 37. g4 {[%clk
0:06:40]} Nh6 {[%clk 0:02:19]} 38. Qf6 {[%clk 0:05:53]} 1-0

[Event "DVM U16 2022"]
[Site "Darmstadt GER"]
[Date "2022.12.29"]
[Round "6"]
[White "Bungarten, Jona"]
[Black "Yin, Haode"]
[Result "1/2-1/2"]
[Termination "normal"]
[Board "2.1"]
[WhiteElo "2151"]
[BlackElo "1931"]
[WhiteClock "01:14:21"]
[BlackClock "00:51:26"]
[WhiteTeam "Schachfreunde Brackel 1930 e. V."]
[BlackTeam "SchachAkademiePaderborn e. V."]
[PlyCount "44"]
[WhiteFideId "16223608"]
[BlackFideId "16261348"]
[EventCountry "GER"]
[EventRounds "7"]
[EventType "team-swiss"]
[EventDate "2022.12.26"]

1. e4 {[%clk 1:30:56]} e6 {[%clk 1:30:57]} 2. d4 {[%clk 1:31:22]} d5 {[%clk
1:31:25]} 3. Nd2 {[%clk 1:31:46]} c5 {[%clk 1:31:51]} 4. exd5 {[%clk 1:32:10]}
exd5 {[%clk 1:32:17]} 5. Ngf3 {[%clk 1:32:35]} Nf6 {[%clk 1:32:43]} 6. Bb5
{[%clk 1:32:58]} Bd7 {[%clk 1:33:08]} 7. Bxd7 {[%clk 1:33:21]} Nbxd7 {[%clk
1:33:35]} 8. O-O {[%clk 1:33:45]} Be7 {[%clk 1:34:00]} 9. dxc5 {[%clk 1:34:12]}
Nxc5 {[%clk 1:34:20]} 10. Re1 {[%clk 1:34:36]} O-O {[%clk 1:34:44]} 11. Nf1
{[%clk 1:34:16]} Re8 {[%clk 1:33:29]} 12. Be3 {[%clk 1:33:48]} Bf8 {[%clk
1:28:04]} 13. c3 {[%clk 1:32:50]} Qd7 {[%clk 1:23:53]} 14. Bd4 {[%clk 1:29:24]}
Rxe1 {[%clk 1:22:29]} 15. Nxe1 {[%clk 1:29:05]} Be7 {[%clk 1:10:20]} 16. Ne3
{[%clk 1:28:16]} Rd8 {[%clk 1:08:25]} 17. Nd3 {[%clk 1:26:49]} b6 {[%clk
0:54:49]} 18. Nb4 {[%clk 1:21:03]} Nce4 {[%clk 0:52:47]} 19. f3 {[%clk
1:13:16]} Bxb4 {[%clk 0:52:28]} 20. fxe4 {[%clk 1:13:37]} Bc5 {[%clk 0:50:55]}
21. Bxc5 {[%clk 1:13:58]} bxc5 {[%clk 0:51:20]} 22. exd5 {[%clk 1:14:21]} Nxd5
{[%clk 0:51:26]} 1/2-1/2